[Event "XXIV European Club Cup"]
[Site "Kallithea GRE"]
[Date "2008.10.18"]
[Round "2.3"]
[White "Mantovani, Renzo"]
[Black "Yemelin, Vasily"]
[Result "0-1"]
[WhiteElo "2359"]
[BlackElo "2573"]
[PlyCount "68"]
[EventDate "2008.10.17"]

1. d4 e6 2. e4 d5 3. e5 c5 4. c3 Qb6 5. Nf3 Nc6 6. Be2 cxd4 7. cxd4 Nh6 8. Bxh6
Qxb2 9. Nc3 Qxc3+ 10. Bd2 Qa3 11. O-O Be7 12. Qc2 Bd8 13. Rab1 Bb6 14. Rb3 Qe7
15. Bg5 Qc7 16. Bc1 Nxe5 17. Rc3 Nc6 18. Ba3 Bd7 19. Rc1 Qd8 20. Bb5 Rc8 21.
Qe2 f6 22. Bxc6 Rxc6 23. Rxc6 bxc6 24. Rxc6 Kf7 25. Rc3 Re8 26. h4 Qb8 27. Bc5
Rc8 28. Rb3 Qf4 29. g3 Qe4 30. Qxe4 dxe4 31. Bxb6 Rc1+ 32. Kh2 axb6 33. Nd2 Bc6
34. Rxb6 e3 0-1

[Event "XXIV European Club Cup"]
[Site "Kallithea GRE"]
[Date "2008.10.18"]
[Round "2.4"]
[White "Turov, Maxim"]
[Black "Aranovitch, Emiliano"]
[Result "1-0"]
[WhiteElo "2572"]
[BlackElo "2384"]
[PlyCount "129"]
[EventDate "2008.10.17"]

1. e4 c5 2. d3 d5 3. exd5 Qxd5 4. Nc3 Qd8 5. g3 Bd7 6. Bg2 Bc6 7. Nf3 Nf6 8.
O-O e6 9. Qe2 Be7 10. Ne4 Nbd7 11. b3 O-O 12. Bb2 Qc7 13. Nfd2 Rfe8 14. f4 Rad8
15. a4 b6 16. Nc4 a6 17. Ng5 Bxg2 18. Qxg2 h6 19. Nf3 Nd5 20. Rae1 b5 21. axb5
axb5 22. Nce5 Nxe5 23. Nxe5 Bf6 24. g4 Ne7 25. Re4 Ng6 26. Qg3 Ra8 27. g5 hxg5
28. fxg5 Nxe5 29. Bxe5 Bxe5 30. Rxe5 Ra2 31. Rf2 Rea8 32. g6 fxg6 33. Rxe6
Qxg3+ 34. hxg3 Rf8 35. Rfe2 Rf6 36. Re8+ Rf8 37. Rxf8+ Kxf8 38. Kf2 Kf7 39. Ke3
Ke6 40. Kf4+ Kf6 41. g4 g5+ 42. Ke4 Ke6 43. d4 cxd4 44. Kxd4+ Kd6 45. Re5 Rxc2
46. Rxb5 Ke6 47. Rxg5 Kf6 48. Rf5+ Ke6 49. Rc5 Rg2 50. g5 Kd6 51. b4 Rg4+ 52.
Kc3 Rg3+ 53. Kc4 Rg1 54. Kb5 Rg4 55. Rc6+ Ke7 56. g6 Kd7 57. Ra6 Rg5+ 58. Ka4
Kc7 59. b5 Rg1 60. Re6 Kb7 61. Ka5 Ra1+ 62. Kb4 Rg1 63. Kc5 Rg5+ 64. Kd6 Rxb5
65. Re7+ 1-0

[Event "XXIV European Club Cup"]
[Site "Kallithea GRE"]
[Date "2008.10.18"]
[Round "2.4"]
[White "Zaja, Ivan"]
[Black "Corvi, Marco"]
[Result "1/2-1/2"]
[WhiteElo "2461"]
[BlackElo "2343"]
[PlyCount "104"]
[EventDate "2008.10.17"]

1. d4 f5 2. Nc3 Nf6 3. Bg5 d5 4. Bxf6 exf6 5. e3 Be6 6. Bb5+ c6 7. Bd3 g6 8.
Qf3 Nd7 9. Nge2 Bd6 10. Nf4 Bf7 11. h3 h5 12. g4 Bxf4 13. exf4 Qe7+ 14. Kd2
fxg4 15. hxg4 O-O-O 16. a3 h4 17. Rae1 Qd6 18. g5 Rdf8 19. Qg4 h3 20. Re3 h2
21. Ne2 Kb8 22. Qg3 fxg5 23. fxg5 Qxg3 24. Rxg3 Rh4 25. f4 Kc7 26. Ke3 Rfh8 27.
f5 gxf5 28. g6 Bg8 29. Bxf5 Nf6 30. Nf4 Nh5 31. Nxh5 R8xh5 32. Bd3 Kd6 33. c3
b6 34. Kf2 c5 35. Kg2 cxd4 36. cxd4 Rxd4 37. Rxh2 Rxh2+ 38. Kxh2 Ke5 39. Kg2
Rf4 40. Rf3 Rg4+ 41. Kf2 Be6 42. Bc2 d4 43. Bd3 Rg5 44. Rf7 a5 45. Rb7 Bf5 46.
Bxf5 Kxf5 47. Rxb6 Rxg6 48. Rxg6 Kxg6 49. Ke2 Kf5 50. Kd3 Ke5 51. b4 axb4 52.
axb4 Kd5 1/2-1/2

[Event "XXIV European Club Cup"]
[Site "Kallithea GRE"]
[Date "2008.10.18"]
[Round "2.4"]
[White "Zelcic, Robert"]
[Black "D'Amore, Carlo"]
[Result "0-1"]
[WhiteElo "2589"]
[BlackElo "2481"]
[PlyCount "120"]
[EventDate "2008.10.17"]

1. e4 e5 2. Nf3 Nc6 3. Bb5 Nf6 4. O-O Nxe4 5. Re1 Nd6 6. Nxe5 Be7 7. Bf1 Nxe5
8. Rxe5 O-O 9. Nc3 Ne8 10. Nd5 Bd6 11. Re1 Nf6 12. Qf3 Nxd5 13. Qxd5 Re8 14.
Rxe8+ Qxe8 15. d4 Bf8 16. Qf3 d6 17. Bd2 Qa4 18. c4 Qc2 19. Bc3 Qf5 20. Qe3 Qe6
21. Qd2 Qg6 22. Re1 Bd7 23. d5 b6 24. Bd3 Qh5 25. h3 Re8 26. Rxe8 Bxe8 27. Qe3
Bd7 28. Qe4 Qg6 29. Qe3 Bf5 30. Be2 Bb1 31. a3 Qe4 32. Qd2 Qc2 33. Qe1 Qe4 34.
Qd2 Qc2 35. Qe3 Qe4 36. Qxe4 Bxe4 37. f3 Bc2 38. Kf2 a5 39. Ke3 Be7 40. g3 g6
41. f4 f5 42. Kd2 Ba4 43. g4 fxg4 44. Bxg4 Bb3 45. Be6+ Kf8 46. Kd3 Bh4 47. Bd2
Bf6 48. Bc3 Ke7 49. Bxf6+ Kxf6 50. Kc3 Ba4 51. b4 axb4+ 52. Kxb4 Be8 53. a4 c5+
54. Kb3 g5 55. fxg5+ Kxg5 56. Bc8 h5 57. Be6 h4 58. Bc8 Kf4 59. Be6 Ke3 60. Bc8
Kd4 0-1

[Event "XXIV European Club Cup"]
[Site "Kallithea GRE"]
[Date "2008.10.19"]
[Round "3.1"]
[White "Hera, Imre jr"]
[Black "Macieja, Bartlomiej"]
[Result "1/2-1/2"]
[WhiteElo "2530"]
[BlackElo "2600"]
[PlyCount "51"]
[EventDate "2008.10.17"]

1. d4 Nf6 2. c4 e6 3. Nf3 d5 4. Nc3 dxc4 5. e3 a6 6. a4 c5 7. Bxc4 Nc6 8. O-O
Be7 9. dxc5 Qxd1 10. Rxd1 Bxc5 11. Bd2 b6 12. Rac1 Bb7 13. Bd3 Rd8 14. Be1 Ke7
15. Ng5 Nb4 16. Bb1 h6 17. Nge4 Nxe4 18. Nxe4 Bxe4 19. Bxe4 Na2 20. Ra1 Bb4 21.
Bd3 Bxe1 22. Rxa2 Rd5 23. Raa1 Rhd8 24. Be2 Rxd1 25. Rxd1 Rxd1 26. Bxd1 1/2-1/2

[Event "XXIV European Club Cup"]
[Site "Kallithea GRE"]
[Date "2008.10.19"]
[Round "3.2"]
[White "Garcia-Ortega Mendez, Jose' M."]
[Black "Bednarich, Jan"]
[Result "1/2-1/2"]
[WhiteElo "2223"]
[BlackElo "2260"]
[PlyCount "78"]
[EventDate "2008.10.17"]

1. e4 c5 2. Nf3 g6 3. d4 cxd4 4. Nxd4 Nc6 5. c4 Nf6 6. Nc3 d6 7. Be2 Bg7 8. Be3
O-O 9. O-O Bd7 10. Rc1 Ne8 11. a3 Nc7 12. b4 Ne6 13. Nb3 Rc8 14. Qd2 b6 15.
Rfd1 Nb8 16. Bh6 Bc6 17. Bxg7 Kxg7 18. Nd5 Ba4 19. Rc3 f6 20. Bg4 Bd7 21. Bxe6
Bxe6 22. Nd4 Qd7 23. Nxe6+ Qxe6 24. Rh3 Rf7 25. Qh6+ Kg8 26. Nf4 Qxe4 27. Nxg6
Rg7 28. Nh4 Qg4 29. Rdd3 Qg5 30. Qxg5 Rxg5 31. f4 Rh5 32. g4 Rh6 33. Nf5 Rxh3
34. Rxh3 Rc7 35. Kf2 Nc6 36. Ke2 a5 37. Re3 Kf7 38. Rh3 Kg8 39. Re3 Kf7 1/2-1/2

[Event "XXIV European Club Cup"]
[Site "Kallithea GRE"]
[Date "2008.10.19"]
[Round "3.3"]
[White "Nemeth, Miklos"]
[Black "Garcia Palermo, Carlos Horacio"]
[Result "0-1"]
[WhiteElo "2479"]
[BlackElo "2459"]
[PlyCount "94"]
[EventDate "2008.10.17"]

1. e4 c6 2. d4 d5 3. e5 Bf5 4. Nf3 e6 5. Be2 Nd7 6. Be3 Bg6 7. h4 h5 8. Ng5 Ne7
9. Bd3 Bxd3 10. Qxd3 Nf5 11. Nd2 Be7 12. Ndf3 c5 13. c3 c4 14. Qd2 b5 15. O-O
Qb6 16. g3 f6 17. exf6 gxf6 18. Nh3 Kf7 19. Bf4 Nf8 20. Rfe1 a5 21. Re2 Ra6 22.
b3 Qb7 23. Qc2 cxb3 24. axb3 Qc8 25. Qd3 a4 26. Qxb5 Qxc3 27. Qxa6 Qxa1+ 28.
Kg2 a3 29. Qa7 Rg8 30. b4 Qd1 31. Ra2 Ng6 32. Bg5 fxg5 33. Nhxg5+ Kf6 34. Kh2
Nfxh4 35. gxh4 Bd6+ 36. Ne5 Nxe5 37. dxe5+ Bxe5+ 38. Kg2 Qg4+ 39. Kf1 Qd1+ 40.
Kg2 Rg7 41. Qe3 Qg4+ 42. Kf1 Bb2 43. f4 Rc7 44. Nf3 Rc3 45. Qd4+ Kf5 46. Qe5+
Kg6 47. Rxb2 Qxf3+ 0-1

[Event "XXIV European Club Cup"]
[Site "Kallithea GRE"]
[Date "2008.10.19"]
[Round "3.3"]
[White "Sedina, Elena"]
[Black "Bauer, Christian"]
[Result "0-1"]
[WhiteElo "2365"]
[BlackElo "2592"]
[PlyCount "60"]
[EventDate "2008.10.17"]

1. e4 c5 2. Nf3 b6 3. Bc4 e6 4. O-O Bb7 5. Re1 Nf6 6. e5 d5 7. Bf1 Nfd7 8. d4
Be7 9. c4 dxc4 10. Bxc4 Nc6 11. d5 Na5 12. dxe6 Nxc4 13. Qe2 Ncxe5 14. exf7+
Nxf7 15. Qc4 O-O 16. Nc3 Bxf3 17. gxf3 Bd6 18. Ne4 Kh8 19. Nxd6 Nxd6 20. Qd5
Rf5 21. Re5 Qf8 22. Bg5 Rxe5 23. Qxe5 Re8 24. Qd5 Nf5 25. Rd1 h6 26. Be3 Qf6
27. Kf1 Kh7 28. Qd3 c4 29. Qe2 Qg6 30. Rc1 Rxe3 0-1

[Event "XXIV European Club Cup"]
[Site "Kallithea GRE"]
[Date "2008.10.19"]
[Round "3.4"]
[White "Corvi, Marco"]
[Black "Csonka, Attila Istvan"]
[Result "1/2-1/2"]
[WhiteElo "2343"]
[BlackElo "2275"]
[PlyCount "132"]
[EventDate "2008.10.17"]

1. c4 e5 2. Nc3 Nf6 3. Nf3 Nc6 4. g3 d5 5. cxd5 Nxd5 6. Bg2 Nb6 7. O-O Be7 8.
d3 O-O 9. Be3 Be6 10. Qc1 f6 11. Rd1 Qc8 12. d4 exd4 13. Nxd4 Nxd4 14. Bxd4 c6
15. Qc2 Bf5 16. e4 Bg4 17. f3 Be6 18. Rac1 Rd8 19. Qf2 Nc4 20. Bf1 Ne5 21. Be2
Qb8 22. Kg2 b6 23. Qf1 Bb4 24. b3 Bxc3 25. Bxc3 Rxd1 26. Rxd1 Nf7 27. Rd2 Qe8
28. Qd1 Rd8 29. Rxd8 Qxd8 30. Qxd8+ Nxd8 31. Kf2 Kf7 32. Ke3 Ke7 33. h4 a5 34.
Bd3 g6 35. g4 Nf7 36. Be2 a4 37. Bd1 axb3 38. axb3 Nd6 39. g5 f5 40. Bf6+ Kd7
41. Bc2 fxe4 42. fxe4 c5 43. Bc3 Nb5 44. Bb2 Na7 45. Bc3 Nc6 46. Kf4 b5 47. Ke3
b4 48. Bg7 Ke7 49. Bf6+ Kf7 50. Bd1 Na5 51. Bd8 Bxb3 52. Bxa5 Bxd1 53. Kd2 Ba4
54. Bb6 c4 55. Ba5 b3 56. Bc3 Ke6 57. Ke3 Kd6 58. Kd4 Bb5 59. Bb2 Ba6 60. Ba3+
Kc6 61. Bb2 Kb5 62. Kc3 Bb7 63. e5 Kc5 64. e6 Kd6 65. e7 Kxe7 66. Kxc4 Ke6
1/2-1/2

[Event "XXIV European Club Cup"]
[Site "Kallithea GRE"]
[Date "2008.10.19"]
[Round "3.4"]
[White "D'Amore, Carlo"]
[Black "Rachela, Milan"]
[Result "1-0"]
[WhiteElo "2481"]
[BlackElo "2358"]
[PlyCount "77"]
[EventDate "2008.10.17"]

1. Nf3 Nf6 2. g3 d5 3. Bg2 c6 4. d3 Bf5 5. Nbd2 h6 6. b3 Nbd7 7. Bb2 e6 8. O-O
Be7 9. e4 dxe4 10. dxe4 Nxe4 11. Nxe4 Bxe4 12. Bxg7 Rh7 13. Bb2 Bf6 14. Bxf6
Qxf6 15. Qe2 Bxf3 16. Bxf3 O-O-O 17. Rad1 Rhh8 18. Bg2 Nb6 19. c4 Rxd1 20. Rxd1
Rd8 21. Rxd8+ Kxd8 22. h4 Nd7 23. Kh2 Ke8 24. Qe3 Ne5 25. Qxa7 Kf8 26. Kg1 Ng4
27. Qb8+ Kg7 28. Qf4 Qa1+ 29. Bf1 Ne5 30. Kg2 c5 31. Qd2 Nc6 32. Bd3 Nb4 33.
Be4 Nxa2 34. Bxb7 Qb1 35. Qe3 Nc1 36. Qxc5 Nxb3 37. Qe5+ Kg8 38. Be4 Qe1 39.
Bh7+ 1-0

[Event "XXIV European Club Cup"]
[Site "Kallithea GRE"]
[Date "2008.10.19"]
[Round "3.4"]
[White "Gonzalez De La Torre, Santiago"]
[Black "Mantovani, Renzo"]
[Result "1-0"]
[WhiteElo "2382"]
[BlackElo "2359"]
[PlyCount "27"]
[EventDate "2008.10.17"]

1. e4 e5 2. Nf3 Nc6 3. Bb5 a6 4. Ba4 Nf6 5. O-O b5 6. Bb3 Be7 7. Re1 O-O 8. a4
Rb8 9. c3 d6 10. axb5 axb5 11. d4 Bg4 12. d5 Nxe4 13. Rxe4 Bf5 14. Nbd2 1-0

[Event "XXIV European Club Cup"]
[Site "Kallithea GRE"]
[Date "2008.10.19"]
[Round "3.5"]
[White "Ruck, Tamas"]
[Black "Ortega, Lexy"]
[Result "1/2-1/2"]
[WhiteElo "2328"]
[BlackElo "2442"]
[PlyCount "87"]
[EventDate "2008.10.17"]

1. e4 e5 2. Nf3 Nc6 3. Nc3 Nf6 4. Bb5 Nd4 5. Ba4 c6 6. O-O d6 7. Nxd4 exd4 8.
Ne2 Qb6 9. d3 Be7 10. Bb3 a5 11. a4 O-O 12. Ng3 Qc5 13. Bd2 h5 14. h3 h4 15.
Ne2 d5 16. e5 Ne8 17. c3 dxc3 18. bxc3 Qb6 19. Be3 Qc7 20. f4 g6 21. Nd4 Ng7
22. Rb1 c5 23. Nb5 Qc6 24. Qd2 Be6 25. Bd1 Rfd8 26. Bf3 Qd7 27. Bf2 Nf5 28. Kh2
Rab8 29. Qe2 Kg7 30. Rfd1 b6 31. c4 d4 32. Be4 Rh8 33. Qf3 Bd8 34. Bc6 Qe7 35.
Re1 Bc7 36. Bd5 Bd8 37. Rb2 Qd7 38. Bc6 Qe7 39. Rbe2 Rh5 40. Bd5 Qd7 41. Bc6
Qe7 42. Bd5 Qd7 43. Bc6 Qe7 44. Bd5 1/2-1/2

[Event "XXIV European Club Cup"]
[Site "Kallithea GRE"]
[Date "2008.10.20"]
[Round "4.1"]
[White "Macieja, Bartlomiej"]
[Black "Feygin, Michael"]
[Result "1-0"]
[WhiteElo "2600"]
[BlackElo "2569"]
[PlyCount "155"]
[EventDate "2008.10.17"]

1. e4 e6 2. d4 d5 3. Nc3 Nf6 4. e5 Nfd7 5. f4 c5 6. Nf3 Nc6 7. Be3 a6 8. a3 b5
9. g3 Qb6 10. Bg2 a5 11. O-O Ba6 12. f5 cxd4 13. Nxd4 Nxd4 14. fxe6 fxe6 15.
Kh1 Bc5 16. b4 Nf5 17. Bxc5 Nxc5 18. Rxf5 exf5 19. Nxd5 Qa7 20. bxc5 O-O 21. c6
Rae8 22. Qe1 Bc8 23. Qc3 Kh8 24. Rb1 Qf2 25. Rf1 Qa7 26. Rb1 Qf2 27. Rf1 Qa7
28. Re1 Be6 29. Nf4 Bc4 30. a4 Qc5 31. axb5 Qxb5 32. e6 Re7 33. Re5 Qb1+ 34.
Re1 Qb5 35. h4 Rfe8 36. h5 Qb4 37. Re3 Qxc3 38. Rxc3 Ba6 39. Ra3 Bc8 40. Bd5
Ra7 41. c4 Kg8 42. Kg2 Kf8 43. Kf3 Ke7 44. Ke3 Kf6 45. Kd4 g5 46. hxg6 hxg6 47.
Kc5 g5 48. Ne2 Bxe6 49. Nd4 Bc8 50. Nb5 Rh7 51. Rxa5 f4 52. gxf4 gxf4 53. Nd6
Reh8 54. Ra2 Bg4 55. Rf2 Kg5 56. Nf7+ Rxf7 57. Bxf7 f3 58. Bd5 Kf4 59. Bxf3
Bxf3 60. c7 Ke3 61. Rh2 Rg8 62. Rh6 Be2 63. Re6+ Kd2 64. Kd5 Bf3+ 65. Kc5 Be2
66. Kb4 Rc8 67. Re7 Bf1 68. c5 Bh3 69. c6 Kd3 70. Kb5 Ra8 71. Rd7+ Kc3 72. Kb6
Kc4 73. Kb7 Rg8 74. c8=Q Rxc8 75. Kxc8 Kc5 76. Kc7 Bg2 77. Rd6 Bf3 78. Rg6 1-0

[Event "XXIV European Club Cup"]
[Site "Kallithea GRE"]
[Date "2008.10.20"]
[Round "4.2"]
[White "Bednarich, Jan"]
[Black "Melkumyan, Hrant"]
[Result "0-1"]
[WhiteElo "2260"]
[BlackElo "2541"]
[PlyCount "64"]
[EventDate "2008.10.17"]

1. e4 e5 2. Nf3 Nc6 3. Bb5 a6 4. Ba4 Nf6 5. O-O Be7 6. Bxc6 dxc6 7. d3 Qd6 8.
h3 Be6 9. Ng5 O-O-O 10. Nc3 h6 11. Nxe6 Qxe6 12. Qf3 g6 13. Rb1 Nd7 14. b4 f5
15. a4 f4 16. b5 Nb8 17. Ne2 g5 18. Qh5 Rhg8 19. Bb2 Rdf8 20. Qg4 Qxg4 21. hxg4
Bd6 22. d4 Re8 23. bxc6 Nxc6 24. d5 Na5 25. Bc3 Nc4 26. Rb3 h5 27. gxh5 g4 28.
Bb4 Rg5 29. Rc3 Rxh5 30. Rxc4 Reh8 31. Ng3 fxg3 32. fxg3 Bxb4 0-1

[Event "XXIV European Club Cup"]
[Site "Kallithea GRE"]
[Date "2008.10.20"]
[Round "4.2"]
[White "Bellini, Fabio"]
[Black "Middelburg, Tom"]
[Result "1-0"]
[WhiteElo "2489"]
[BlackElo "2388"]
[PlyCount "111"]
[EventDate "2008.10.17"]

1. e4 e5 2. Nf3 Nc6 3. Bb5 a6 4. Bxc6 dxc6 5. O-O f6 6. d4 exd4 7. Nxd4 c5 8.
Ne2 Qxd1 9. Rxd1 Bd6 10. Bf4 Bxf4 11. Nxf4 Ne7 12. Nc3 Bd7 13. Ncd5 Nxd5 14.
Rxd5 b6 15. Rd2 O-O-O 16. Rad1 Rhe8 17. Nh5 Re7 18. f3 Rf8 19. g4 g6 20. Nf4
Bc6 21. Kf2 c4 22. Rd4 b5 23. c3 f5 24. exf5 gxf5 25. g5 Re6 26. R1d2 Re3 27.
Rd8+ Kb7 28. Rxf8 Rxf3+ 29. Ke2 Rxf4 30. Rf6 Be4 31. Rd7 Rh4 32. Ke3 Rh3+ 33.
Kf4 Rxh2 34. Rff7 Rg2 35. Rxc7+ Kb6 36. Rce7 Rg4+ 37. Ke5 Rxg5 38. Rf6+ Bc6 39.
Ree6 f4+ 40. Kxf4 Rc5 41. Rh6 a5 42. Re5 b4 43. Rxc5 Kxc5 44. Ke5 Bf3 45. Rxh7
bxc3 46. bxc3 Be2 47. a4 Bd3 48. Rb7 Bc2 49. Rb5+ Kc6 50. Rxa5 Kb6 51. Rb5+ Ka6
52. Rb4 Bb3 53. Kd4 Ka5 54. Rxc4 Bxc4 55. Kxc4 Kxa4 56. Kc5 1-0

[Event "XXIV European Club Cup"]
[Site "Kallithea GRE"]
[Date "2008.10.20"]
[Round "4.2"]
[White "Glek, Igor V."]
[Black "Brunello, Sabino"]
[Result "1/2-1/2"]
[WhiteElo "2512"]
[BlackElo "2456"]
[PlyCount "137"]
[EventDate "2008.10.17"]

1. e4 e5 2. Bc4 Nc6 3. Nc3 Nf6 4. d3 Na5 5. Nge2 c6 6. a3 Nxc4 7. dxc4 d6 8.
Qd3 Be6 9. Bg5 Be7 10. Ng3 g6 11. O-O h6 12. Be3 h5 13. h3 h4 14. Nge2 Nd7 15.
b3 a6 16. a4 a5 17. Rad1 f6 18. f4 g5 19. fxg5 fxg5 20. Rf5 Rg8 21. Rdf1 Qc7
22. R5f2 Rg7 23. Kh1 g4 24. hxg4 O-O-O 25. g5 Bxg5 26. Bxg5 Rxg5 27. Qe3 Rdg8
28. Qa7 Qb6 29. Qxb6 Nxb6 30. Rf8+ Kd7 31. Rxg8 Rxg8 32. Kh2 Ke7 33. Ng1 Nd7
34. Nf3 Rg4 35. Nd2 Nf6 36. Rf3 Rg8 37. Nf1 d5 38. cxd5 cxd5 39. exd5 Nxd5 40.
Nxd5+ Bxd5 41. Rf2 Ke6 42. Re2 Bc6 43. Kh3 b5 44. axb5 Bxb5 45. c4 Bc6 46. Ra2
Rb8 47. Nd2 e4 48. Kxh4 Ke5 49. Rxa5+ Kd4 50. Ra6 e3 51. Rxc6 exd2 52. Rd6+ Ke3
53. Re6+ Kf2 54. Rd6 Ke3 55. Re6+ Kf4 56. Rf6+ Ke5 57. Rf1 Rh8+ 58. Kg4 Rg8+
59. Kh3 Rd8 60. Rd1 Kf4 61. g4 Kf3 62. Kh4 Ke2 63. Rxd2+ Kxd2 64. Kg5 Rg8+ 65.
Kf5 Kc3 66. g5 Kxb3 67. g6 Kxc4 68. Kf6 Rxg6+ 69. Kxg6 1/2-1/2

[Event "XXIV European Club Cup"]
[Site "Kallithea GRE"]
[Date "2008.10.20"]
[Round "4.3"]
[White "Bosman, Michiel"]
[Black "Sedina, Elena"]
[Result "1/2-1/2"]
[WhiteElo "2346"]
[BlackElo "2365"]
[PlyCount "45"]
[EventDate "2008.10.17"]

1. e4 e6 2. d4 d5 3. Nd2 c5 4. exd5 exd5 5. Ngf3 Nc6 6. Bb5 Bd6 7. dxc5 Bxc5 8.
O-O Nge7 9. Nb3 Bd6 10. Nbd4 O-O 11. c3 Bg4 12. Qa4 Bd7 13. h3 a6 14. Be2 Re8
15. Qc2 h6 16. Be3 Qc7 17. Rad1 Ng6 18. Rfe1 Bf4 19. Bxf4 Nxf4 20. Bf1 Ne5 21.
Nxe5 Rxe5 22. Qd2 Re4 23. Re3 1/2-1/2

[Event "XXIV European Club Cup"]
[Site "Kallithea GRE"]
[Date "2008.10.20"]
[Round "4.4"]
[White "Buhr, Carl Christian"]
[Black "D'Amore, Carlo"]
[Result "1/2-1/2"]
[WhiteElo "2346"]
[BlackElo "2481"]
[PlyCount "82"]
[EventDate "2008.10.17"]

1. c4 d6 2. Nc3 e5 3. g3 g6 4. d4 Bg7 5. Nf3 Nd7 6. Bg2 Ngf6 7. O-O O-O 8. h3
c6 9. e4 Qb6 10. Rb1 exd4 11. Nxd4 Nxe4 12. Nxe4 Qxd4 13. Nxd6 Nc5 14. Be3 Qxd1
15. Rbxd1 Na4 16. Nxc8 Rfxc8 17. b3 Nc3 18. Rd7 b6 19. a4 Rd8 20. Bxc6 Rxd7 21.
Bxd7 Rd8 22. Bg4 Rd3 23. Kg2 f5 24. Bf3 Bf8 25. a5 bxa5 26. Bxa7 Ne4 27. Ra1
Bb4 28. Bb6 Rxb3 29. Bxa5 Bxa5 30. Rxa5 Rc3 31. Ra8+ Kf7 32. Ra7+ Kf6 33. Bxe4
fxe4 34. Rxh7 Rxc4 35. Rh4 Ke5 36. Rf4 Rc2 37. Rf8 Ke6 38. h4 Re2 39. g4 Ke5
40. h5 gxh5 41. gxh5 Ra2 1/2-1/2

[Event "XXIV European Club Cup"]
[Site "Kallithea GRE"]
[Date "2008.10.20"]
[Round "4.4"]
[White "Garcia Palermo, Carlos Horacio"]
[Black "Fiebig, Thomas"]
[Result "1/2-1/2"]
[WhiteElo "2459"]
[BlackElo "2401"]
[PlyCount "174"]
[EventDate "2008.10.17"]

1. d4 d5 2. Nf3 Nf6 3. c4 e6 4. Nc3 c6 5. cxd5 exd5 6. Bg5 Bf5 7. e3 Nbd7 8.
Bd3 Bxd3 9. Qxd3 Bd6 10. O-O O-O 11. a3 a5 12. Qc2 h6 13. Bf4 Bxf4 14. exf4 c5
15. Rad1 Rc8 16. Ne5 cxd4 17. Rxd4 Nc5 18. Qf5 Ne6 19. Rd2 d4 20. Ne4 Nxe4 21.
Qxe4 Qc7 22. Nd3 Rfd8 23. h4 Qc6 24. Re1 Qxe4 25. Rxe4 b6 26. b4 Nc7 27. bxa5
bxa5 28. Rb2 Ne8 29. a4 Rc3 30. Rd2 Nf6 31. Re7 Nd5 32. Ra7 Nb4 33. Ne5 f6 34.
Nf3 d3 35. Rxa5 Nc2 36. g3 Na1 37. Rd1 Nb3 38. Rb5 d2 39. Rxb3 Rxb3 40. Rxd2
Rxd2 41. Nxd2 Ra3 42. Kg2 Kf7 43. Nf3 Rxa4 44. Kf1 Ke6 45. Kg2 Kd5 46. Ng1 Ke4
47. Nh3 Ra3 48. Ng1 g5 49. hxg5 hxg5 50. fxg5 fxg5 51. Nh3 g4 52. Nf4 Ra5 53.
Ng6 Ra6 54. Nf4 Rd6 55. Nh5 Rb6 56. Nf4 Ra6 57. Nh5 Kd3 58. Nf4+ Kc4 59. Kf1
Kd4 60. Kg2 Rh6 61. Ne2+ Kc4 62. Nf4 Rd6 63. Nh5 Kc3 64. Nf4 Kc2 65. Kf1 Kd2
66. f3 Ke3 67. fxg4 Kf3 68. Ke1 Kxg3 69. Ne2+ Kf3 70. Nc3 Rd3 71. Nd1 Rd4 72.
g5 Rg4 73. Kd2 Rxg5 74. Nc3 Rg8 75. Kd3 Rd8+ 76. Kc4 Ke3 77. Nd5+ Ke4 78. Nc3+
Ke5 79. Ne2 Rd2 80. Nc3 Rd4+ 81. Kc5 Rh4 82. Ne2 Ke4 83. Nc3+ Kd3 84. Nd5 Rh5
85. Kd6 Kd4 86. Nf6 Rf5 87. Ke6 Rxf6+ 1/2-1/2

[Event "XXIV European Club Cup"]
[Site "Kallithea GRE"]
[Date "2008.10.20"]
[Round "4.4"]
[White "Mantovani, Renzo"]
[Black "Van Wessel, Rudy"]
[Result "1/2-1/2"]
[WhiteElo "2359"]
[BlackElo "2307"]
[PlyCount "137"]
[EventDate "2008.10.17"]

1. c4 e5 2. Nc3 Bb4 3. Nd5 Ba5 4. b4 c6 5. bxa5 cxd5 6. cxd5 Nf6 7. e4 Qxa5 8.
f3 d6 9. Ne2 Bd7 10. Qb3 Na6 11. Qa3 Qb6 12. Nc3 Nc5 13. Rb1 Qd8 14. Nb5 Bxb5
15. Bxb5+ Nfd7 16. O-O O-O 17. Bb2 Qb6 18. Bxd7 Nxd7+ 19. d4 exd4 20. Ba1 Qc7
21. Bxd4 b6 22. Rbe1 f6 23. f4 Rae8 24. Qd3 Rf7 25. Rf2 Rfe7 26. Rfe2 Nc5 27.
Qf3 Qd7 28. h4 Qa4 29. Bxc5 bxc5 30. h5 Qd4+ 31. Kh2 f5 32. exf5 Rxe2 33. Rxe2
Rxe2 34. Qxe2 Qxf4+ 35. g3 Qxf5 36. Qe8+ Qf8 37. Qe6+ Kh8 38. Kg2 h6 39. Qd7 a5
40. a4 Kh7 41. Qe6 Kh8 42. Qd7 Qb8 43. Kh3 Qf8 44. Kg2 Kh7 45. Qe6 Qb8 46. Kh3
Qd8 47. Kg2 Kh8 48. Qg4 Qf6 49. Qe4 Qf7 50. g4 Kg8 51. Kg3 Kf8 52. Kg2 Qf6 53.
Qb1 Qf4 54. Qb8+ Kf7 55. Qc7+ Kf6 56. Qxa5 Qxg4+ 57. Kf2 Qd4+ 58. Kg3 c4 59.
Qb4 Qe5+ 60. Kf2 c3 61. Qh4+ Kf7 62. Qc4 Qf5+ 63. Ke1 Qb1+ 64. Ke2 Qc2+ 65. Kf3
Qd1+ 66. Kf2 Qd2+ 67. Kf3 c2 68. Qc7+ Kf6 69. Qd8+ 1/2-1/2

[Event "XXIV European Club Cup"]
[Site "Kallithea GRE"]
[Date "2008.10.20"]
[Round "4.4"]
[White "Petzold, Klaus"]
[Black "Corvi, Marco"]
[Result "0-1"]
[WhiteElo "2241"]
[BlackElo "2343"]
[PlyCount "72"]
[EventDate "2008.10.17"]

1. Nf3 f5 2. g3 Nf6 3. Bg2 d6 4. d4 e6 5. b3 Be7 6. Bb2 O-O 7. Qd3 Nc6 8. a3
Ne4 9. O-O Bf6 10. b4 Qe8 11. c4 e5 12. d5 Nxg3 13. hxg3 e4 14. Qc2 exf3 15.
exf3 Nd4 16. Bxd4 Bxd4 17. Nc3 Bxc3 18. Qxc3 f4 19. Rfe1 Qg6 20. Re7 fxg3 21.
Rae1 gxf2+ 22. Kxf2 Bf5 23. Rxc7 Rae8 24. Rxb7 Qg5 25. Re3 h5 26. Qd4 h4 27. f4
Qh6 28. Kg1 Rxe3 29. Qxe3 h3 30. Bf3 Bc8 31. Rxa7 Qg6+ 32. Kf2 Bf5 33. Re7 Qf6
34. c5 Qb2+ 35. Kg3 Rf6 36. Qf2 Rg6+ 0-1

[Event "XXIV European Club Cup"]
[Site "Kallithea GRE"]
[Date "2008.10.20"]
[Round "4.5"]
[White "Ortega, Lexy"]
[Black "Ahn, Martin"]
[Result "1-0"]
[WhiteElo "2442"]
[BlackElo "2321"]
[PlyCount "55"]
[EventDate "2008.10.17"]

1. d4 f5 2. Nc3 Nf6 3. Bg5 d5 4. Bxf6 exf6 5. e3 Be6 6. Bb5+ c6 7. Bd3 Nd7 8.
Qf3 g6 9. h3 Qb6 10. O-O-O O-O-O 11. g4 fxg4 12. hxg4 Bg7 13. Nge2 Qa5 14. Rh2
b5 15. a3 Nf8 16. e4 h5 17. gxh5 b4 18. axb4 Qxb4 19. exd5 cxd5 20. Rdh1 Rxh5
21. Rxh5 gxh5 22. Rxh5 f5 23. Bxf5 Rd7 24. Bxe6 Nxe6 25. Rxd5 Nxd4 26. Nxd4
Rxd5 27. Nc6 Bh6+ 28. Kb1 1-0

[Event "XXIV European Club Cup"]
[Site "Kallithea GRE"]
[Date "2008.10.20"]
[Round "4.5"]
[White "Van Ketel, Raoul"]
[Black "Aranovitch, Emiliano"]
[Result "1-0"]
[WhiteElo "2285"]
[BlackElo "2384"]
[PlyCount "58"]
[EventDate "2008.10.17"]

1. d4 d5 2. c4 e5 3. dxe5 d4 4. Nf3 Nc6 5. Nbd2 Nge7 6. Nb3 Nf5 7. e4 dxe3 8.
Qxd8+ Kxd8 9. fxe3 Nfe7 10. Nbd4 g6 11. Bd2 Bg7 12. Bc3 Nxe5 13. O-O-O Bd7 14.
Nb3 Ng4 15. Bxg7 Rg8 16. Rd2 Rxg7 17. Nc5 b6 18. Nxd7 Ke8 19. h3 Nxe3 20. Nf6+
Kf8 21. g4 Nc6 22. Bd3 Nb4 23. Re1 Nxd3+ 24. Rxd3 Nxc4 25. Ne5 Nxe5 26. Rxe5 g5
27. Rd7 Rg6 28. Rf5 Rh6 29. Kd2 c5 1-0

[Event "XXIV European Club Cup"]
[Site "Kallithea GRE"]
[Date "2008.10.21"]
[Round "5.1"]
[White "Efimov, Igor"]
[Black "Wiersma, Eelke"]
[Result "1-0"]
[WhiteElo "2442"]
[BlackElo "2414"]
[PlyCount "81"]
[EventDate "2008.10.17"]

1. d4 f5 2. Nf3 Nf6 3. g3 g6 4. b4 Bg7 5. Bb2 Nc6 6. a3 O-O 7. Bg2 Ne4 8. O-O
d6 9. e3 Qe8 10. c4 e5 11. Nc3 Nxc3 12. Bxc3 e4 13. Nd2 Ne7 14. Qb3 c6 15. f3
exf3 16. Nxf3 d5 17. c5 Kh8 18. a4 Ng8 19. Ne5 Be6 20. Qb2 Nh6 21. b5 Nf7 22.
Nd3 Bd7 23. Rfe1 Ng5 24. Rab1 Rf7 25. bxc6 Bxc6 26. a5 Re7 27. Nb4 Rd8 28. a6
bxa6 29. Qa2 Ne4 30. Ba1 a5 31. Qxa5 Ba8 32. c6 Nd2 33. Nxd5 Rxd5 34. Qxd2 Bxc6
35. Bxd5 Bxd5 36. Qa5 Rxe3 37. Bc3 Rxe1+ 38. Rxe1 Qd7 39. Qc5 Be4 40. Ra1 Qb7
41. d5 1-0